NFL Pro Bowl Running Backs 1990s - Statistics

General Stats
  • This quiz has been taken 174 times
  • The average score is 57 of 88
Answer Stats
Season Team Player % Correct
1999 Cowboys Emmitt Smith
99%
1998 Cowboys Emmitt Smith
99%
1995 Cowboys Emmitt Smith
99%
1994 Cowboys Emmitt Smith
99%
1993 Cowboys Emmitt Smith
99%
1992 Cowboys Emmitt Smith
99%
1991 Cowboys Emmitt Smith
99%
1990 Cowboys Emmitt Smith
99%
1998 Lions Barry Sanders
98%
1997 Lions Barry Sanders
98%
1996 Lions Barry Sanders
98%
1995 Lions Barry Sanders
98%
1994 Lions Barry Sanders
98%
1993 Lions Barry Sanders
98%
1992 Lions Barry Sanders
98%
1991 Lions Barry Sanders
98%
1990 Lions Barry Sanders
98%
1999 Broncos Detron Smith
97%
1998 Vikings Robert Smith
97%
1999 Rams Marshall Faulk
96%
1998 Colts Marshall Faulk
96%
1995 Colts Marshall Faulk
96%
1994 Colts Marshall Faulk
96%
1998 Broncos Terrell Davis
90%
1997 Broncos Terrell Davis
90%
1996 Broncos Terrell Davis
90%
1999 Redskins Stephen Davis
89%
1997 Steelers Jerome Bettis
88%
1996 Steelers Jerome Bettis
88%
1994 Rams Jerome Bettis
88%
1993 Rams Jerome Bettis
88%
1999 Colts Edgerrin James
84%
1999 Titans Eddie George
83%
1998 Oilers Eddie George
83%
1997 Oilers Eddie George
83%
1993 Bills Thurman Thomas
83%
1992 Bills Thurman Thomas
83%
1991 Bills Thurman Thomas
83%
1990 Bills Thurman Thomas
83%
1998 Jets Curtis Martin
78%
1996 Patriots Curtis Martin
78%
1995 Patriots Curtis Martin
78%
1998 Falcons Jamal Anderson
72%
1991 Bears Neal Anderson
72%
1990 Bears Neal Anderson
72%
1999 Bengals Corey Dillon
68%
1997 Buccaneers Warrick Dunn
66%
1993 Chiefs Marcus Allen
65%
1996 Redskins Terry Allen
65%
1990 Raiders Bo Jackson
61%
1998 49ers Garrison Hearst
60%
1991 Broncos Gaston Green
59%
1992 Bengals Harold Green
59%
1996 Eagles Ricky Watters
59%
1995 Eagles Ricky Watters
59%
1994 49ers Ricky Watters
59%
1993 49ers Ricky Watters
59%
1992 49ers Ricky Watters
59%
1993 Steelers Barry Foster
52%
1992 Steelers Barry Foster
52%
1990 Cardinals Johnny Johnson
51%
1997 Packers Dorsey Levens
42%
1995 Seahawks Chris Warren
41%
1994 Seahawks Chris Warren
41%
1993 Seahawks Chris Warren
41%
1994 Chargers Natrone Means
40%
1993 Giants Rodney Hampton
35%
1992 Giants Rodney Hampton
35%
1991 Redskins Earnest Byner
29%
1990 Redskins Earnest Byner
29%
1992 Oilers Lorenzo White
24%
1991 Chargers Marion Butts
22%
1990 Chargers Marion Butts
22%
1994 Browns Eric Metcalf
21%
1993 Browns Eric Metcalf
21%
1999 Panthers Michael Bates
21%
1998 Panthers Michael Bates
21%
1997 Panthers Michael Bates
21%
1996 Panthers Michael Bates
21%
1997 Packers Travis Jervey
21%
1995 Redskins Brian Mitchell
20%
1990 Bengals James Brooks
19%
1995 Falcons Craig Heyward
18%
1999 Bears Glyn Milburn
17%
1990 Broncos Bobby Humphrey
9%
1996 Patriots Dave Meggett
9%
1992 Chargers Ronnie Harmon
5%
1992 Cardinals Johnny Bailey
3%
No matching quizzes found
Score Distribution
Percent of People with Each Score
Percentile by Number Answered
Your Score History
You have not taken this quiz